000 00766nam a2200229 a 4500
001 41143
003 BD-RjUL
005 20211209053333.0
008 160516s2005 bg ||||| |||| 00| 0 ben d
020 _a98482422312
_c: Tk.65.00
035 _a(BD-RjUL)41259
040 _aBD-RjUL
_bben
_cBD-RjUL
041 _aben
082 _223
_a891.441
_bBAK 2005
100 _aবালা, অমৃতলাল
_9118037
245 1 0 _aকবিতা আমার কবিতা /
_cঅমৃতলাল বালা
260 _aঢাকা :
_bজোনাকী প্রকাশনী,
_c২০০৫.
300 _a৮০ পৃ.;
_b২১ সেমি.
650 _aবাংলা কবিতা
_9126552
650 _aBegali poetry
_9126553
942 _2ddc
_cBK
999 _c41143
_d41143